|
|
|
|
| LEADER |
01167nab#a2200409#ar4500 |
| 001 |
000110217 |
| 003 |
SVKKK |
| 005 |
20130416083829.0 |
| 008 |
130416c2012 xo |||||||||||||||b|eng |
| FMT |
|
|
|
| 015 |
|
|
|a SNBRB2013/04
|
| 038 |
|
|
|a SVKKK
|
| 040 |
|
|
|a SVKKK
|b slo
|e AACR2
|
| 041 |
0 |
|
|a eng
|b eng
|
| 044 |
|
|
|a xo
|c SK
|
| 080 |
|
|
|a 627.157
|x (282.247.3)
|2 2008
|
| 100 |
1 |
|
|a Berkun, Mehmet
|4 aut
|
| 242 |
1 |
0 |
|a Transport riečnych sedimentov a erózia pobrežia riek krajiny v juhovýchodnej časti Čierneho mora
|
| 245 |
1 |
0 |
|a River sediment transport and coastal erosion in the southeastern Black Sea Rivers
|c Mehmet Berkun, Egemen Aras
|
| 300 |
|
|
|b Obr., tab.
|
| 504 |
|
|
|a Bibliogr. odkazy
|
| 504 |
|
|
|a Res. angl.
|
| 650 |
0 |
4 |
|a riečne sedimenty
|
| 650 |
0 |
4 |
|a erózia pobrežia
|
| 650 |
0 |
4 |
|a stavba priehrad
|
| 651 |
|
4 |
|a Coruh (Turecko : rieka)
|
| 651 |
|
4 |
|a Čierne more
|
| 700 |
1 |
|
|a Aras, Egemen
|4 aut
|
| 773 |
0 |
|
|t Journal of hydrology and hydromechanics
|g Roč. 60, č. 4 (2012), s. 299-308
|x 0042-790X
|
| 958 |
|
|
|a NB
|
| 958 |
|
|
|a TR
|
| 974 |
|
|
|a Ma
|
| 992 |
|
|
|a RBX
|
| BAS |
|
|
|
| 852 |
|
|
|a SVKKK
|b BIB
|
| EXP |
|
|
|
| 998 |
|
|
|a GEO
|